00740nam a2200157 a 450000100100000000500170001000800410002702000150006804000250008310000400010824501570014826000980030530000260040350000730042971000800050200003922720201002031543.0130611s1987 sp 000 0 spa d a8400064461 aDO-SdBNPbspacBNPHU1 aJerónimo de Santa Fed1350 . 141913aEl tratado De Iudaicis erroribus ex Talmut :bJerónimo de Santa Fe /cintroducción general, estudio y análisis de las fuentes por Moises Orfalí. aMadrid :bConsejo Superior de Investigaciones Científicas, Instituto de Filología,c1987. aXIV, 218 p. ;c27 cm. aIncluye referencias bibliográficas y notas al pie de las páginas2 aConsejo Superior de Investigaciones Científicas, Instituto de Filología